Дендритная кристаллизация

التفاصيل البيبلوغرافية
المؤلف الرئيسي: Саратовкин Д. Д. Дмитрий Дмитриевич
اللغة:الروسية
منشور في: Москва, Металлургиздат, 1957
الطبعة:2-е изд., испр. и доп.
الموضوعات:
التنسيق: كتاب
KOHA link:https://koha.lib.tpu.ru/cgi-bin/koha/opac-detail.pl?biblionumber=56715

MARC

LEADER 00000nam0a2200000 4500
001 56715
005 20231031053715.0
035 |a (RuTPU)RU\TPU\book\59570 
090 |a 56715 
100 |a 20031008d1957 km y0rusy50 ca 
101 0 |a rus 
102 |a RU 
105 |a a z 001zy 
200 1 |a Дендритная кристаллизация  |f Д. Д. Саратовкин 
205 |a 2-е изд., испр. и доп. 
210 |a Москва  |c Металлургиздат  |d 1957 
215 |a 127 с.  |c ил. 
320 |a Библиогр.: с. 122-126. 
610 1 |a металлы 
610 1 |a кристаллизация 
610 1 |a сталь 
610 1 |a кристаллы 
610 1 |a плавление 
675 |a 621.7М  |v 3 
700 1 |a Саратовкин  |b Д. Д.  |g Дмитрий Дмитриевич 
801 1 |a RU  |b 63413507  |c 20031008  |g PSBO 
801 2 |a RU  |b 63413507  |c 20210621  |g PSBO 
942 |c BK